000 01125mam a2200289 i 4500
082 _a355.02
_b MAK
_cL-40 P-72
100 1 _aEarle, Edward Mead,
_937953
245 0 0 _aMakers of Modern strategy :
_bmilitary thought from Machiavelli to Hitler /
_cedited by Edward Mead Earle; with the collaboration of Gordon A. Craig and Felix Gilbert.
260 _aPrinceton :
_bPrinceton University Press,
_cc1971.
300 _axi, 553 p. :
_bill.
500 _aIncludes index.
500 _aPhotocopy. Ann Arbor, Mich. : University Microfilms International, 1980.
526 _a0
_b0
_c0
_d355_020000000000000_MAK
526 _a0
_b0
_c0
_d355_020000000000000_MAK
526 _a0
_b0
_c0
_d355_020000000000000_MAK
526 _a0
_b0
_c0
_d355_020000000000000_MAK
526 _a0
_b0
_c0
_d355_020000000000000_MAK
526 _a0
_b0
_c0
_d355_420000000000000_STR
650 0 _aMCE
_9379
650 0 _aMilitary art and science
_xHistory.
_91734
650 0 _aMilitary history.
_91735
650 0 _aStrategy.
_937954
650 0 _aWar.
700 1 _aCraig, Gordon Alexander,
_937955
700 1 _aGilbert, Felix,
_937956
942 _2ddc
_cBK
999 _c542682
_d542682